| 000 | 00718cam a2200217 a 4500 | ||
|---|---|---|---|
| 020 | _a0195080831 | ||
| 020 | _a0195127080 | ||
| 040 | _cDLC | ||
| 082 | 0 | 0 | _a 546 OUP 1998 C147 Or. |
| 100 | 1 | _aStwertka, Albert. | |
| 245 | 1 | 2 | _aA guide to the elements / |
| 246 | 3 | 0 | _aElements |
| 250 | _aRev. ed. | ||
| 260 |
_aNew York : _bOxford University Press, _cc1998. |
||
| 300 |
_a238 p. : _bill. (some col.) ; _c26 cm. |
||
| 500 | _aAt head of title: Oxford. | ||
| 520 | _aPresents the basic concepts of chemistry and explains complex theories before offering a separate article on each of the building blocks that make up the universe. | ||
| 650 | 0 | _aChemical elements | |
| 650 | 0 | _aPeriodic law | |
| 942 | _cAEDBB | ||
| 999 |
_c18529 _d18529 |
||